عرض عادي
عرض مارك
- Holomorphic functions.
مدخل مصطلح موضوعي
001 - رقم الضبط
- حقل الضبط: 39814
003 - معرف رقم الضبط
- حقل الضبط: OSt
005 - تاريخ ووقت أخر عملية
- حقل الضبط: 20131114210115.0
008 - عناصر بيانات ثابتة الطول
- حقل تحكم ثابت الطول: 131114|||a|||||| | ||| d
040 ## - مصدر الفهرسة
- هيئة الفهرسة الأصلية: OSt
- وكالة الكتابة: OSt
150 ## - مدخل-- مصطلح تاريخي
- عنصر مدخل المصطلح الموضوعي او الاسم الجغرافي: Holomorphic functions.
670 ## - بيانات المصدر موجوده
- الاستشهاد بالمصدر: Work cat.: (OSt)0: Gurlebeck, Klaus. 39813, Holomorphic functions in the plane and n-dimensional space /, c2008.
